000 00881cam a22002175a 4500
001 L159321
008 160811s2016 xxk f 000 0 eng d
020 _a9781509905515
035 _a(Sirsi) u159321
041 0 _aeng
050 0 4 _a346.410435 $2 18
100 1 _aBarnes, Michael
245 0 4 _aThe Law of Rights of Light
_h[electronic resource]
260 _aLondon
_bBloomsbury UK
_c2016
520 _aLegal textbook gives authoritative statement on the current law on rights of light in England and Wales. An attempt is made to explain rights of light from a non-technical point of view so the book is of help to lawyers as well as to landowners and surveyors.
590 _aKA
651 4 _aENGLAND AND WALES
690 _aRights of light
_96267
856 4 0 _uhttps://www.vlebooks.com/
_zView on VLEbooks. Logins for members only from [email protected]
942 _n0
999 _c115803
_d115803